|
|
|
|
| LEADER |
00000nam a2200000 a 4500 |
| 001 |
UCG7321 |
| 003 |
CL-VaPUC |
| 008 |
110715e19160000fr |||||||||||||||||spa|d |
| 082 |
0 |
4 |
|a 918.3
|b BER
|2 21
|
| 100 |
0 |
|
|a Bertrand, Alejandro
|e author
|9 504548
|
| 245 |
1 |
0 |
|a Reseña de la literatura concerniente a las industrias del Azoe en Alemania
|
| 300 |
|
|
|a 358 p
|
| 942 |
|
|
|c BK
|
| 945 |
|
|
|d 20110715 00:00:00
|a dcastane
|
| 260 |
|
|
|a París
|b s.n
|c 1916
|
| 650 |
|
0 |
|a Industria salitrera
|9 440309
|
| 650 |
|
7 |
|a SALITRE SINTETICO
|2 CL-VaPUC
|9 506462
|
| 999 |
|
|
|c 345347
|d 345345
|
| 583 |
|
|
|k Rodrigo Vera
|
| 952 |
|
|
|0 0
|1 0
|4 0
|6 918_300000000000000_BER_1916
|7 0
|8 X
|9 443980
|a FDOBUD
|b FDOBUD
|d 2019-11-22
|i 4787463
|o 918.3 BER 1916
|p 4787463
|r 2019-11-22
|w 2019-11-22
|y BK_X
|k BUD
|